logo

Bir Sreshtho Munshi Abdur Rouf Library
Jhenaidah Cadet College

বুদ্ধ ও বুদ্ধধর্ম / (Record no. 6310)

MARC details
000 -LEADER
fixed length control field 00752nam a2200217 a 4500
001 - CONTROL NUMBER
JCCL Control Number 6310
003 - CONTROL NUMBER IDENTIFIER
JCCL marc code BD-JhCC
005 - DATE AND TIME OF LATEST TRANSACTION
control field 20180121102152.0
008 - FIXED-LENGTH DATA ELEMENTS--GENERAL INFORMATION
fixed length control field 180121s1966 bg |||| ||a| 000 0 ben d
035 ## - SYSTEM CONTROL NUMBER
system control number (BD-JhCC)6310
040 ## - CATALOGING SOURCE
Original cataloging agency BD-JhCC
Modifying agency BD-JhCC
041 ## - LANGUAGE CODE
Language code of Book ben
082 ## - DEWEY DECIMAL CLASSIFICATION NUMBER
Classification number 294.363
Author mark and Year BON 1966
100 ## - MAIN ENTRY--PERSONAL NAME
Personal name বন্দোপাধ্যায়, অনুকুল চন্দ্র
245 ## - TITLE STATEMENT
Title বুদ্ধ ও বুদ্ধধর্ম /
Statement of responsibility, etc অনুকুল চন্দ্র বন্দোপাধ্যায়
260 ## - PUBLICATION, DISTRIBUTION, ETC. (IMPRINT)
Place of publication, distribution, etc কলিকাতা :
Name of publisher, distributor, etc ফার্মা কে এল মুখোপাধ্যায়,
Date of publication, distribution, etc 1966.
300 ## - PHYSICAL DESCRIPTION
Pagination 183 p. :
Dimensions 22 cm.
650 ## - SUBJECT ADDED ENTRY--TOPICAL TERM
Topical term or geographic name as entry element Buddha
942 ## - ADDED ENTRY ELEMENTS (KOHA)
Source of classification or shelving scheme Dewey Decimal Classification
Koha item type Books
Holdings
Source of classification or shelving scheme Damaged status Not for loan Home library Current library Shelving location Date of accession Cost, normal purchase price Total Checkouts Full call number Barcode Date last seen Copy number Koha item type
Dewey Decimal Classification     JCC Rouf Library JCC Rouf Library General Stacks 01/21/2018 6.00   294.363 BON 1966 666 01/21/2018 C-1 Books

JCC Library | Contacts | JCC Home

Last Update on 23 September 2017
Copyright @ 2017-2020 JCC Rouf Library
Rouf Library, Jhenidah Cadet College (JCC), Bangladesh